000
00433nam a2200133Ia 4500
008
151001s9999||||xx |||||||||||||| ||und||
100
_a
एम पी कमल
245
_a
नोबेल पुरस्कार विजेता भारतीय
250
_a
2
260
_b
अनुपम प्रकाशन केंद्र औरंगाबाद
260
_c
2007
300
_a
160
365
_b
21
999
_c
991603
_d
991600